000 00828nmm a2200265 a 4500
001 ocm0001232061
003 TR-IsHL
005 20201028155825.0
008 150709s2013 tu tur
007 cr cn
020 _a9789944742924
035 _a1232061
_b(N$T)
050 0 4 _aPL248.V87
_bB59 2013
090 0 4 _aPL248.V87
_bB59 2013
100 1 _aVural, Reyhan
245 1 0 _aBiz akrabayız
_h[electronic resource] /
_cReyhan Vural
260 _aİstanbul :
_bArı Sanat Yayınları,
_c2013
300 _a105 p.
650 4 _aDil ve Edebiyat
650 4 _aLanguage and Literature
650 0 _aTürk anıları
650 0 _aTurkish memories
650 7 _aLITERARY COLLECTIONS / Middle Eastern
_2bisacsh
856 4 0 _uhttp://search.ebscohost.com/login.aspx?direct=true&scope=site&db=e011xww&AN=1232061
999 _c13282
_d13282